<?xml version="1.0" encoding="UTF-8"?>
<record
    xmlns:xsi="http://www.w3.org/2001/XMLSchema-instance"
    xsi:schemaLocation="http://www.loc.gov/MARC21/slim http://www.loc.gov/standards/marcxml/schema/MARC21slim.xsd"
    xmlns="http://www.loc.gov/MARC21/slim">

  <leader>03603nam a2200385 a 4500</leader>
  <controlfield tag="001">ebr10575452</controlfield>
  <controlfield tag="003">CaPaEBR</controlfield>
  <controlfield tag="006">m        u        </controlfield>
  <controlfield tag="007">cr cn|||||||||</controlfield>
  <controlfield tag="008">760408s1976    ne a    sb    111 0 eng d</controlfield>
  <datafield tag="010" ind1=" " ind2=" ">
    <subfield code="z">   76010396 </subfield>
  </datafield>
  <datafield tag="020" ind1=" " ind2=" ">
    <subfield code="z">0444152059 (Amer. Elsevier)</subfield>
  </datafield>
  <datafield tag="020" ind1=" " ind2=" ">
    <subfield code="z">9021940442 (Excerpta Medica)</subfield>
  </datafield>
  <datafield tag="020" ind1=" " ind2=" ">
    <subfield code="z">9780470663318</subfield>
  </datafield>
  <datafield tag="020" ind1=" " ind2=" ">
    <subfield code="z">9780470717899 (e-book)</subfield>
  </datafield>
  <datafield tag="040" ind1=" " ind2=" ">
    <subfield code="a">CaPaEBR</subfield>
    <subfield code="c">CaPaEBR</subfield>
  </datafield>
  <datafield tag="035" ind1=" " ind2=" ">
    <subfield code="a">(OCoLC)646559828</subfield>
  </datafield>
  <datafield tag="050" ind1="1" ind2="4">
    <subfield code="a">QP603.M6</subfield>
    <subfield code="b">S95 1975eb</subfield>
  </datafield>
  <datafield tag="082" ind1="0" ind2="4">
    <subfield code="a">612/.0151/8</subfield>
    <subfield code="2">22</subfield>
  </datafield>
  <datafield tag="111" ind1="2" ind2=" ">
    <subfield code="a">Symposium on Monoamine Oxidase and its Inhibition</subfield>
    <subfield code="d">(1975 :</subfield>
    <subfield code="c">London, England)</subfield>
  </datafield>
  <datafield tag="245" ind1="1" ind2="0">
    <subfield code="a">Monoamine oxidase and its inhibition</subfield>
    <subfield code="h">[electronic resource] :</subfield>
    <subfield code="b">in honour of Mary L. C. Bernheim.</subfield>
  </datafield>
  <datafield tag="260" ind1=" " ind2=" ">
    <subfield code="a">Amsterdam ;</subfield>
    <subfield code="a">New York :</subfield>
    <subfield code="b">Elsevier/Excerpta Medica/North-Holland,</subfield>
    <subfield code="c">1976.</subfield>
  </datafield>
  <datafield tag="300" ind1=" " ind2=" ">
    <subfield code="a">xii, 415 p. :</subfield>
    <subfield code="b">ill.</subfield>
  </datafield>
  <datafield tag="490" ind1="1" ind2=" ">
    <subfield code="a">Ciba Foundation symposium ; 39 (new ser.)</subfield>
  </datafield>
  <datafield tag="504" ind1=" " ind2=" ">
    <subfield code="a">Includes bibliographical references and indexes.</subfield>
  </datafield>
  <datafield tag="505" ind1="0" ind2=" ">
    <subfield code="a">Kety, S.S. Introduction.--Tipton, K. F., Houslay, M.D., and Mantle, T.J. The nature and locations of the multiple forms of monamine oxidase.--Maycock, A.L. et al. The action of acetylenic inhibitors on mitochondrial monoamine oxidase: structure of the flavin site in the inhibited enzyme.--Salach, J.I. et al. Cysteinyl flavin in monamine oxidase from the central nervous system.--Gorkin, V.Z. Monoamine oxidase inhibitors and the transformation of monoamine oxidases.--Sourkes, T.L. and Missala, K. Nutritional requirements for amine metabolism in vivo.--Youdim, M.B.H. and Holzbauer, M. Physiological aspects of the oxidative deamination of monoamines.--Knoll, J. Analysis of the pharmacological effects of selective monoamine oxidase inhibitors.--Neff, N.H. and Fuentes, J.A. The use of selective monoamine oxidase inhibitor drugs for evaluating pharmacological and physiological mechanisms.--Trendelenburg, U., Graefe, K.H., and Henseling, M. The part played by monoamine oxidase in the inactivation of catecholamines in intact tissues.--Sharman, D.F. Can the intra- and extra-homoneuronal metabolism of catecholamines be distinguished in the mammalian central nervous system?--Green, A.R. and Youdim, M.B.H. Use of a behavioural model to study the action of monoamine oxidase inhibition in vivo.--Maitre, L., Delini-Stula, A., and Waldmeier, P.C. Relations between the degree of monoamine oxidase inhibition and some psychopharmacological responses to monoamine oxidase inhibitors in rats.--Pare, C.M.B. Introduction to clinical aspects of monoamine oxidase inhibitors in the treatment of depression.--Roth, M. et al. The relationship between classification and response to drugs in affective disorders--problems posed by drug response in affective disorders.--Sandler, M. Variations in monoamine oxidase activity in some human disease states.--Murphy, D.L. Clinical, genetic, hormonal and drug influences on the activity of human platelet monoamine oxidase activity in schizophrenia and schizo-affective psychosis.</subfield>
  </datafield>
  <datafield tag="533" ind1=" " ind2=" ">
    <subfield code="a">Electronic reproduction.</subfield>
    <subfield code="b">Palo Alto, Calif. :</subfield>
    <subfield code="c">ebrary,</subfield>
    <subfield code="d">2011.</subfield>
    <subfield code="n">Available via World Wide Web.</subfield>
    <subfield code="n">Access may be limited to ebrary affiliated libraries.</subfield>
  </datafield>
  <datafield tag="650" ind1=" " ind2="0">
    <subfield code="a">Monoamine oxidase</subfield>
    <subfield code="v">Congresses.</subfield>
  </datafield>
  <datafield tag="650" ind1=" " ind2="0">
    <subfield code="a">Monoamine oxidase</subfield>
    <subfield code="x">Inhibitors</subfield>
    <subfield code="v">Congresses.</subfield>
  </datafield>
  <datafield tag="655" ind1=" " ind2="7">
    <subfield code="a">Electronic books.</subfield>
    <subfield code="2">local</subfield>
  </datafield>
  <datafield tag="700" ind1="1" ind2=" ">
    <subfield code="a">Bernheim, Molly,</subfield>
    <subfield code="d">1902-1997.</subfield>
  </datafield>
  <datafield tag="710" ind1="2" ind2=" ">
    <subfield code="a">ebrary, Inc.</subfield>
  </datafield>
  <datafield tag="830" ind1=" " ind2="0">
    <subfield code="a">Ciba Foundation symposium ;</subfield>
    <subfield code="v">new ser. 39.</subfield>
  </datafield>
  <datafield tag="856" ind1="4" ind2="0">
    <subfield code="u">http://site.ebrary.com/lib/rucke/Doc?id=10575452</subfield>
    <subfield code="z">An electronic book accessible through the World Wide Web; click to view</subfield>
  </datafield>
  <datafield tag="999" ind1=" " ind2=" ">
    <subfield code="c">78116</subfield>
    <subfield code="d">78116</subfield>
  </datafield>
</record>
